Main Areas In The Metroid Prime Trilogy - Statistics

General Stats
  • This quiz has been taken 87 times
  • The average score is 14 of 34
Answer Stats
Game Area % Correct
Metroid Prime Chozo Ruins
93%
Metroid Prime Magmoor Caverns
84%
Metroid Prime Phazon Mines
82%
Metroid Prime Phendrana Drifts
81%
Metroid Prime Tallon Overworld
79%
Metroid Prime 2: Echoes Torvus Bog
68%
Metroid Prime Impact Crater
67%
Metroid Prime 2: Echoes Sanctuary Fortress
67%
Metroid Prime 2: Echoes Agon Wastes
63%
Metroid Prime Frigate Orpheon
60%
Metroid Prime 2: Echoes Dark Agon Wastes
53%
Metroid Prime 2: Echoes Dark Torvus Bog
51%
Metroid Prime 2: Echoes Ing Hive
51%
Metroid Prime 2: Echoes Sky Temple
47%
Metroid Prime 2: Echoes Temple Grounds
47%
Metroid Prime 3: Corruption Phaaze
44%
Metroid Prime 3: Corruption SkyTown, Elysia
39%
Metroid Prime 3: Corruption G.F.S. Olympus
35%
Metroid Prime 3: Corruption Norion
33%
Metroid Prime 3: Corruption G.F.S. Valhalla
32%
Metroid Prime 2: Echoes Great Temple
32%
Metroid Prime 3: Corruption Bryyo Ice
28%
Metroid Prime 3: Corruption Bryyo Fire
26%
Metroid Prime 2: Echoes Sky Temple Grounds
25%
Metroid Prime 3: Corruption Bryyo Seed
21%
Metroid Prime 3: Corruption Pirate Homeworld Seed
21%
Metroid Prime 3: Corruption Elysia Seed
19%
Metroid Prime 3: Corruption Bryyo Thorn Jungle
12%
Metroid Prime 3: Corruption Bryyo Cliffside
11%
Metroid Prime 3: Corruption Leviathan Battleship
11%
Metroid Prime 3: Corruption Pirate Mines
9%
Metroid Prime 3: Corruption Pirate Research
9%
Metroid Prime 3: Corruption Eastern SkyTown, Elysia
7%
Metroid Prime 3: Corruption Pirate Command
5%
No matching quizzes found
Score Distribution
Percent of People with Each Score
Percentile by Number Answered
Your Score History
You have not taken this quiz